| 000 | 00389nam a2200169Ia 4500 | ||
|---|---|---|---|
| 008 | 230524s9999 xx 000 0 und d | ||
| 020 | _a8120328779 | ||
| 082 |
_a621.382 _bKAN |
||
| 100 | _aKanaan kano | ||
| 245 | 0 | _aSemiconductor Devices | |
| 250 | _a1ST | ||
| 260 |
_aNEW DELHI _bPHI _c2005 |
||
| 300 | _aXV;480 | ||
| 500 | _aQuantity Number: 2 | ||
| 650 | _aPhysics | ||
| 942 | _cBK | ||
| 999 |
_c23535 _d23535 |
||